| 000 | 00604nam a2200229Ia 4500 | ||
|---|---|---|---|
| 003 | OSt | ||
| 005 | 20220512094305.0 | ||
| 008 | 210719s2021 xx 000 0 und d | ||
| 020 | _a978-81-8054-538-2 | ||
| 040 |
_aAL _c |
||
| 041 | _aeng | ||
| 082 | _a510.2465 SANB | ||
| 100 |
_aSANCHETI (D C);KAPOOR (V K) _936193 |
||
| 245 | _aBusiness mathematics | ||
| 250 | _a11 Rev. | ||
| 260 |
_aNew Delhi _bSultan Chand & Sons _c2021 |
||
| 300 |
_axiii,1199 _bPB |
||
| 365 |
_b595 _cRs |
||
| 650 |
_aBusiness Mathematics _936194 |
||
| 906 | _a11 ; Business ; Ed ; mathematics ; Rev | ||
| 942 |
_2ddc _cBK |
||
| 999 |
_c212086 _d212086 |
||